6 Influential Photos - Statistics

General Stats
  • This quiz has been taken 11 times
  • The average score is 2 of 6
Answer Stats
Picture Hint Answer % Correct
by Robert Sargent - 1944 D-Day
88%
by Neil Armstrong - 1969 A Man on The Moon
25%
by William Anders - 1968 Earthrise
25%
by Lt. Charles Levy - 1945 Mushroom Clous Over Nagasaki
13%
by Bradley Cooper - 2014 Oscars Selfie
13%
by NASA - 1995 Pillars of Creation
13%
No matching quizzes found
Score Distribution
Percent of People with Each Score
Percentile by Number Answered
Your Score History
You have not taken this quiz